La pedagogía científica

Gespeichert in:
Bibliographische Detailangaben
1. Verfasser: Freeman, Frank Nugent (VerfasserIn)
Format: Buch
Sprache:Spanisch
Veröffentlicht: Buenos Aires Losada 1947
Schriftenreihe:Biblioteca Pedagógica, 10
Schlagworte:
Tags: Tag hinzufügen
Keine Tags, Fügen Sie den ersten Tag hinzu!

MARC

LEADER 00000nam a2200000 a 4500
001 UCX9881
003 CL-VaPUC
008 940701e19470000AG |||||||||||||||||spa|d
082 0 4 |a 372.35  |b FRE  |2 21 
100 0 |a Freeman, Frank Nugent  |e author  |9 327398 
245 1 3 |a La pedagogía científica 
300 |a 297 p 
942 |c BK 
945 |d 19940701 00:00:00  |a rbrito 
260 |a Buenos Aires  |b Losada  |c 1947 
650 0 |a Educación científica   |9 307484 
650 0 |a Ciencia   |x Enseñanza  |9 308112 
583 |a last modification  |c 19940701 00:00:00  |k Rodrigo Vera 
490 0 |a Biblioteca Pedagógica, 10 
999 |c 229007  |d 229005 
952 |0 0  |1 0  |4 0  |6 372_350000000000000_FRE_1947  |7 0  |8 P  |9 229532  |a BIBEDU  |b BIBEDU  |c BIBEDU_PB  |d 2019-11-15  |i 2987139  |o 372.35 FRE 1947  |p 2987139  |r 2024-01-25  |w 2019-11-15  |y BK  |k EDU